000 00618nam a22001937a 4500
005 20140313095024.0
008 081031s2009 nyua 001 0 eng
020 _a9780071606264
080 _a004.43
100 1 _aHolzner, Steven.
245 1 0 _aXML /
_cSteven Holzner.
250 _a1 st.ed.;
260 _aNew York :
_bMcGraw-Hill,
_c2009.
300 _a436 f. :
_bme il.;
_c23 cm.
500 _aPërfshin indeksin f. 423-436
650 0 _aGjuha e Programimit të Kompjuterit,
650 0 _aProgramim,
942 _2udc
_cBK
999 _c424
_d424